Natural resource management strategy : Eastern Europe and Central Asia /
Kaydedildi:
| Müşterek Yazar: | |
|---|---|
| Materyal Türü: | Sách giấy |
| Baskı/Yayın Bilgisi: |
Washington, DC :
World Bank,
2000
|
| Seri Bilgileri: | World Bank technical paper ;
no. 485 World Bank technical paper. Europe and Central Asia environmentally and socially sustainable rural development series. |
| Konular: | |
| Etiketler: |
Etiketle
Etiket eklenmemiş, İlk siz ekleyin!
|
| Thư viện lưu trữ: | Thư viện Trường Đại học Đà Lạt |
|---|
| LEADER | 01436nam a2200421 4500 | ||
|---|---|---|---|
| 001 | DLU060055902 | ||
| 005 | ##20061030 | ||
| 008 | ##000901s2000 dcua b 000 0 eng | ||
| 010 | # | # | |a 00043957 |
| 020 | # | # | |a 0821348108 |
| 040 | # | # | |a DLC |c DLC |
| 042 | # | # | |a pcc |
| 043 | # | # | |a ee----- |a ac----- |
| 050 | # | # | |a HC244.Z9 |b E59 2000 |
| 082 | # | # | |a 333.7 |b WOR |
| 110 | # | # | |a World Bank |
| 245 | # | # | |a Natural resource management strategy : |b Eastern Europe and Central Asia / |c World Bank |
| 260 | # | # | |a Washington, DC : |b World Bank, |c 2000 |
| 300 | # | # | |a xvi, 135 p. : |b ill., col. maps ; |c 28 cm |
| 504 | # | # | |a Includes bibliographical references |
| 650 | # | # | |a Conservation of natural resources |z Asia, Central |
| 650 | # | # | |a Conservation of natural resources |z Europe, Eastern. |
| 650 | # | # | |a Natural resources |z Asia, Central |x Management. |
| 650 | # | # | |a Natural resources |z Europe, Eastern |x Management. |
| 650 | # | # | |a Sustainable development |z Asia, Central. |
| 650 | # | # | |a Sustainable development |z Europe, Eastern. |
| 830 | # | # | |a World Bank technical paper ; |v no. 485 |
| 830 | # | # | |a World Bank technical paper. |p Europe and Central Asia environmentally and socially sustainable rural development series. |
| 923 | # | # | |a 25/2006 |
| 992 | # | # | |a 7.600 |
| 994 | # | # | |a DLU |
| 900 | # | # | |a True |
| 911 | # | # | |a Đào Thị Thu Huyền |
| 925 | # | # | |a G |
| 926 | # | # | |a A |
| 927 | # | # | |a SH |
| 980 | # | # | |a Thư viện Trường Đại học Đà Lạt |


